Анализ текущего состояния разработки Игольско-талового нефтяного месторождения; Проблемы геологии и освоения недр

Sonraí bibleagrafaíochta
Parent link:Проблемы геологии и освоения недр.— 2002.— С. 347-349.
Príomhchruthaitheoir: Сучков Р. Н.
Rannpháirtithe: Крец В. Г. Виктор Георгиевич (научный руководитель)
Teanga:Rúisis
Foilsithe / Cruthaithe: 2002
Ábhair:
Formáid: Caibidil leabhair
KOHA link:https://koha.lib.tpu.ru/cgi-bin/koha/opac-detail.pl?biblionumber=55189

MARC

LEADER 00000naa2a2200000 4500
001 55189
005 20231031051020.0
035 |a (RuTPU)RU\TPU\book\57914 
035 |a RU\TPU\book\57908 
090 |a 55189 
100 |a 20030908d2002 k y0rusy50 ca 
101 0 |a rus 
102 |a RU 
200 1 |a Анализ текущего состояния разработки Игольско-талового нефтяного месторождения  |f Р. Н. Сучков  |g науч. рук. В. Г. Крец 
463 1 |0 (RuTPU)RU\TPU\book\52464  |y 5-89503-150-1  |t Проблемы геологии и освоения недр  |o труды Шестого международного научного симпозиума им. академика М. А. Усова студентов, аспирантов и молодых ученых, посвященного 100-летию со дня рождения заслуженного деятеля науки РСФСР Л. Л. Халфина и 30-летию проведения молодежных научных конференций им. академика М. А. Усова, Томск, 1-5 апреля 2002 г.  |f Российское геологическое общество;Томский политехнический университет  |v С. 347-349.  |d 2002  |p 600 с. 
610 1 |a труды учёных ТПУ 
675 |a 55(063)  |v 3 
700 1 |a Сучков  |b Р. Н. 
702 1 |a Крец  |b В. Г.  |c специалист в области нефтегазового дела  |c доцент Томского политехнического университета, кандидат технических наук  |f 1942-  |g Виктор Георгиевич  |2 stltpush  |4 727 
801 1 |a RU  |b 63413507  |c 20030826  |g PSBO 
801 2 |a RU  |b 63413507  |c 20130508  |g PSBO 
942 |c BK